[Event "V. Art Pub Kupa"]
[Site "?"]
[Date "2014.08.09"]
[Round "5.2"]
[White "Halak, Miklos"]
[Black "Mester, Attila"]
[Result "1-0"]
[WhiteElo "2197"]
[BlackElo "2006"]
[PlyCount "81"]
[EventDate "2014.08.07"]
[SourceDate "2014.08.07"]

1. e4 g6 2. d4 Bg7 3. Nf3 d6 4. Be3 Nf6 5. Bd3 Nbd7 6. O-O O-O 7. h3 e5 8. c3
Qe7 9. Re1 c6 10. a4 b6 11. Nbd2 a6 12. Qb3 c5 13. Nc4 Rb8 14. Ncd2 h6 15. Nf1
Re8 16. Ng3 Qf8 17. Nh4 Kh8 18. Bc4 Re7 19. f4 Bb7 20. fxe5 dxe5 21. d5 Ne8 22.
Rf1 Kh7 23. Qd1 Nd6 24. Bd3 Bf6 25. Nf3 Bg7 26. Nh2 Nf6 27. Qe2 Ra8 28. a5 c4
29. Bc2 b5 30. Bc5 Qd8 31. Rf2 Rc8 32. Bb4 Rd7 33. Raf1 Kg8 34. Qe3 Qe7 35. Bd1
Rf8 36. Ng4 Nxg4 37. Bxg4 Rc7 38. Qb6 Rd8 39. Rxf7 Nxf7 40. Bxe7 Rxe7 41. Rxf7
1-0

[Event "V. Art Pub Kupa"]
[Site "?"]
[Date "2014.08.09"]
[Round "5.3"]
[White "Juhasz, Mark"]
[Black "Bohus, Adam"]
[Result "1-0"]
[WhiteElo "2210"]
[BlackElo "2029"]
[PlyCount "113"]
[EventDate "2014.08.07"]
[SourceDate "2014.08.07"]

1. Nf3 d5 2. c4 dxc4 3. Na3 Nf6 4. Nxc4 e6 5. g3 Be7 6. Bg2 O-O 7. O-O c5 8. b3
Nc6 9. Bb2 Qc7 10. Rc1 b6 11. Nce5 Bb7 12. Nxc6 Bxc6 13. b4 Rfd8 14. Qc2 Rac8
15. bxc5 bxc5 16. Be5 Qa5 17. d3 Bd5 18. Nd2 Nd7 19. Bc3 Qa6 20. Rb1 Nb6 21.
Be5 c4 22. dxc4 Nxc4 23. Nxc4 Bxg2 24. Kxg2 Rxc4 25. Qb3 h6 26. Qb7 Qxb7+ 27.
Rxb7 Re4 28. Bxg7 Kxg7 29. Rxe7 Rxe2 30. Rxa7 Rdd2 31. a4 e5 32. g4 Re4 33. Kg3
Ra2 34. a5 Rea4 35. Re1 Rxa5 36. Re7 Kf6 37. Re8 Rd2 38. Re3 Rd6 39. Rf3+ Kg6
40. Rg8+ Kh7 41. Rf8 Rd7 42. R3xf7+ Rxf7 43. Rxf7+ Kg6 44. Re7 Ra3+ 45. f3 Kf6
46. Re8 Re3 47. Kf2 Rc3 48. Kg3 Re3 49. h4 Kf7 50. Kf2 Rxf3+ 51. Kxf3 Kxe8 52.
Ke4 Kf7 53. Kxe5 Kg6 54. Ke6 Kg7 55. Kf5 Kf7 56. h5 Kg7 57. Ke6 1-0

[Event "V. Art Pub Kupa"]
[Site "?"]
[Date "2014.08.09"]
[Round "5.4"]
[White "Terbe, Julianna"]
[Black "Kormos, Adam"]
[Result "0-1"]
[WhiteElo "2030"]
[BlackElo "2144"]
[PlyCount "114"]
[EventDate "2014.08.07"]
[SourceDate "2014.08.07"]

1. e4 c5 2. c3 Nf6 3. e5 Nd5 4. d4 e6 5. Nf3 cxd4 6. cxd4 b6 7. Bc4 Bb7 8. O-O
d6 9. Bxd5 Bxd5 10. Nc3 Bxf3 11. Qxf3 d5 12. Qg3 Nc6 13. Be3 Ne7 14. f4 Nf5 15.
Qf3 h5 16. Bf2 Rc8 17. Rac1 g6 18. Rc2 Be7 19. Rfc1 O-O 20. Qd3 Qd7 21. Qa6 Rc4
22. b3 Rxd4 23. Bxd4 Nxd4 24. Rd2 Bc5 25. Kh1 Nf5 26. Ne4 Qe7 27. Nxc5 bxc5 28.
g3 h4 29. g4 Ne3 30. g5 Rb8 31. Rd3 Nf5 32. Rf3 Kg7 33. Qa5 Nd4 34. Rf2 Rb5 35.
Qc3 Qb7 36. Kg1 Nf5 37. Qf3 Qb6 38. Qe2 c4 39. bxc4 dxc4 40. Kg2 Qc6+ 41. Qf3
Qc5 42. Kh3 Ra5 43. Rc3 Qd4 44. Rfc2 Ra4 45. Qf2 Qe4 46. Rd2 Qb1 47. Rb2 Qe4
48. a3 Ra6 49. Qf3 Qd5 50. Qxd5 exd5 51. Rd2 d4 52. Rf3 d3 53. Ra2 Nd4 54. Kg2
Nxf3 55. Kxf3 c3 56. Ke3 c2 57. Kd2 Ra4 0-1

[Event "V. Art Pub Kupa"]
[Site "?"]
[Date "2014.08.09"]
[Round "5.5"]
[White "Nominerdene, Davaademberel"]
[Black "Gasparics, Akos"]
[Result "1/2-1/2"]
[WhiteElo "2095"]
[BlackElo "2002"]
[PlyCount "137"]
[EventDate "2014.08.07"]
[SourceDate "2014.08.07"]

1. e4 e6 2. d4 d5 3. e5 c5 4. c3 Nc6 5. Nf3 Nge7 6. a3 Nf5 7. b4 cxd4 8. cxd4
Be7 9. Be2 O-O 10. O-O Bd7 11. Be3 Rc8 12. Nbd2 Nxe3 13. fxe3 Bg5 14. Nxg5 Qxg5
15. Rf3 f6 16. Rg3 Qh6 17. exf6 Rxf6 18. Bd3 g6 19. Qe2 Ne7 20. Rh3 Qg7 21. Nf3
e5 22. dxe5 Bxh3 23. exf6 Qxf6 24. Rf1 Bf5 25. Nd4 Bxd3 26. Qxd3 Qe5 27. Qd2
Rf8 28. Nf3 Qe4 29. Rd1 Nf5 30. Qxd5+ Qxd5 31. Rxd5 Nxe3 32. Rd3 Nc4 33. Ng5 h6
34. Ne4 Rf7 35. Rc3 b5 36. Nc5 a5 37. bxa5 Nxa5 38. Ne6 Nc4 39. Nd4 Nd2 40. g3
Rf1+ 41. Kg2 Rb1 42. Rc8+ Kf7 43. Rb8 Nc4 44. Rxb5 Nxa3 45. Rc5 Rb4 46. Rc7+
Kf6 47. Rc6+ Kf7 48. Nf3 Re4 49. Rc5 Kf6 50. Rc6+ Re6 51. Rc5 Re4 52. h3 Rc4
53. Ra5 Rc2+ 54. Kg1 Rc1+ 55. Kf2 Rc2+ 56. Ke1 Rc3 57. Ke2 Re3+ 58. Kf2 Nc4 59.
Ra4 Re4 60. Rb4 Nd6 61. Rb6 Re6 62. Kg2 Nc4 63. Rxe6+ Kxe6 64. g4 g5 65. Kg3
Kd5 66. h4 gxh4+ 67. Nxh4 Ne3 68. Kf4 Nxg4 69. Kxg4 1/2-1/2

[Event "V. Art Pub Kupa"]
[Site "?"]
[Date "2014.08.09"]
[Round "5.6"]
[White "Kokeny, Norbert Adrian"]
[Black "Repasi, Zoltan Sr"]
[Result "1/2-1/2"]
[WhiteElo "1916"]
[BlackElo "2090"]
[PlyCount "26"]
[EventDate "2014.08.07"]
[SourceDate "2014.08.07"]

1. d4 c5 2. e3 Nf6 3. Nf3 e6 4. Bd3 b6 5. Nbd2 Bb7 6. O-O Nc6 7. c3 cxd4 8.
exd4 d5 9. Re1 Be7 10. Nf1 Qc7 11. Bg5 Ng8 12. Bxe7 Ngxe7 13. Qe2 Ng6 1/2-1/2

[Event "V. Art Pub Kupa"]
[Site "?"]
[Date "2014.08.09"]
[Round "5.7"]
[White "Lakatos, Tamas"]
[Black "Cvetanovic, Damjan"]
[Result "0-1"]
[WhiteElo "1555"]
[BlackElo "2078"]
[PlyCount "92"]
[EventDate "2014.08.07"]
[SourceDate "2014.08.07"]

1. e4 e6 2. d4 d5 3. Nc3 Nf6 4. e5 Nfd7 5. f4 c5 6. Nf3 Nc6 7. Be3 a6 8. Be2 b5
9. a3 Qb6 10. g4 cxd4 11. Bxd4 Nxd4 12. Qxd4 Bc5 13. Qd3 Bf2+ 14. Kf1 Nc5 15.
Qd2 Ne4 16. Nxe4 dxe4 17. Ng5 Bb7 18. Rd1 O-O 19. Qd6 Qe3 20. Qd2 Qxd2 21. Rxd2
e3 22. Bf3 exd2 23. Kxf2 Bxf3 24. Nxf3 Rac8 25. c3 Rfd8 26. Rd1 a5 27. Rxd2
Rxd2+ 28. Nxd2 b4 29. axb4 axb4 30. c4 f6 31. exf6 gxf6 32. b3 Ra8 33. Ke3 Ra1
34. c5 Kf7 35. Kd3 Rh1 36. Kc4 Rxh2 37. Ne4 Rh4 38. c6 Ke7 39. Kb5 Rxg4 40. Kb6
Rg8 41. Kb7 h5 42. c7 h4 43. c8=Q Rxc8 44. Kxc8 h3 45. Nf2 h2 46. Kc7 e5 0-1

[Event "V. Art Pub Kupa"]
[Site "?"]
[Date "2014.08.09"]
[Round "5.8"]
[White "Berta, Sandor"]
[Black "Marta, Dominik"]
[Result "1/2-1/2"]
[WhiteElo "2031"]
[BlackElo "1963"]
[PlyCount "31"]
[EventDate "2014.08.07"]
[SourceDate "2014.08.07"]

1. Nf3 Nf6 2. g3 g6 3. b3 Bg7 4. Bb2 O-O 5. Bg2 d6 6. O-O e5 7. d3 Nc6 8. c4
Bd7 9. Nc3 Qc8 10. Re1 Bh3 11. Bh1 h6 12. Rc1 Ne7 13. Qc2 Nh5 14. Nd5 Qd7 15.
Nxe7+ Qxe7 16. Nd2 1/2-1/2

[Event "V. Art Pub Kupa"]
[Site "?"]
[Date "2014.08.09"]
[Round "5.9"]
[White "Bellan, Istvan"]
[Black "Karacsonyi, Gellert"]
[Result "1-0"]
[WhiteElo "1884"]
[BlackElo "1806"]
[PlyCount "131"]
[EventDate "2014.08.07"]
[SourceDate "2014.08.07"]

1. e4 c5 2. Nf3 e6 3. d4 cxd4 4. Nxd4 Nf6 5. Bd3 Nc6 6. Nb3 d5 7. exd5 exd5 8.
O-O Be7 9. c3 O-O 10. Bf4 Be6 11. Be2 Rc8 12. Bf3 Re8 13. Re1 Bd6 14. Bxd6 Qxd6
15. N1d2 Bf5 16. Rxe8+ Rxe8 17. Nc4 Qf4 18. Ne3 Be4 19. Be2 Bg6 20. g3 Qe5 21.
Bf1 Bh5 22. Qd3 Bf3 23. Nd2 Bh5 24. Ng2 Be2 25. Bxe2 Qxe2 26. Nf4 Qxd3 27. Nxd3
Re2 28. Nb3 b6 29. Kf1 Re7 30. f3 Kf8 31. Rd1 Ne5 32. Nxe5 Rxe5 33. Kf2 Ke7 34.
Nd4 Kd6 35. b4 a6 36. h4 h5 37. a4 g6 38. Nb3 Re8 39. a5 bxa5 40. Nxa5 Ke6 41.
Nb3 Rc8 42. Nc5+ Ke7 43. Ra1 Rc6 44. Rxa6 Rxa6 45. Nxa6 Kd6 46. Ke3 Nd7 47. f4
Nf6 48. Nc5 Ng4+ 49. Kd4 Nh6 50. Ke3 Ng4+ 51. Ke2 Nf6 52. Kf3 Ng4 53. Nb3 Nf6
54. Nd4 Ne4 55. Ne2 Nf6 56. Ke3 Ng4+ 57. Kd4 Nh6 58. c4 Nf5+ 59. Kd3 dxc4+ 60.
Kxc4 f6 61. b5 Kc7 62. Kc5 Kb7 63. b6 Ne7 64. Kd6 Nf5+ 65. Ke6 Kxb6 66. Kxf6
1-0

[Event "V. Art Pub Kupa"]
[Site "?"]
[Date "2014.08.09"]
[Round "5.10"]
[White "Kovacs, Istvan"]
[Black "Pasztorcsik, Janos"]
[Result "1/2-1/2"]
[WhiteElo "2209"]
[BlackElo "1997"]
[PlyCount "76"]
[EventDate "2014.08.07"]
[SourceDate "2014.08.07"]

1. c4 e5 2. Nc3 Bb4 3. g3 Bxc3 4. bxc3 d6 5. Bg2 Nc6 6. d3 Be6 7. Rb1 Qc8 8.
Qb3 Nge7 9. Qxb7 Qxb7 10. Rxb7 Kd7 11. Nf3 Rab8 12. Rxb8 Rxb8 13. O-O h6 14.
Nd2 f5 15. f4 exf4 16. gxf4 d5 17. cxd5 Bxd5 18. c4 Bxg2 19. Kxg2 Nb4 20. a3
Nc2 21. Kf2 g5 22. fxg5 hxg5 23. Nf3 g4 24. Ne1 Nd4 25. e3 Nb3 26. Nc2 Ng6 27.
Nd4 Nxd4 28. exd4 Rh8 29. Kg1 Nh4 30. Bf4 Nf3+ 31. Kg2 Rb8 32. h3 Nxd4 33. hxg4
fxg4 34. Be3 Nf3 35. Bxa7 Rb3 36. Rd1 Rxa3 37. Bc5 Rb3 38. Kf2 Kc6 1/2-1/2

[Event "V. Art Pub Kupa"]
[Site "?"]
[Date "2014.08.09"]
[Round "5.11"]
[White "Schweighoffer, Martin"]
[Black "Csalami, Gabor"]
[Result "1-0"]
[WhiteElo "2000"]
[BlackElo "1794"]
[PlyCount "47"]
[EventDate "2014.08.07"]
[SourceDate "2014.08.07"]

1. e4 e6 2. d4 d5 3. Nd2 Nf6 4. e5 Nfd7 5. Bd3 c5 6. c3 Nc6 7. Ne2 Qb6 8. Nf3
f6 9. exf6 Nxf6 10. O-O cxd4 11. cxd4 Bd6 12. Re1 O-O 13. Nc3 Kh8 14. Bc2 Bd7
15. Na4 Qc7 16. Nc5 Bxc5 17. dxc5 Rae8 18. Ng5 Nb4 19. Bxh7 Qxc5 20. Bg6 Re7
21. Be3 Qd6 22. Ne4 Qe5 23. Nxf6 Rxf6 24. Bd2 1-0

[Event "V. Art Pub Kupa"]
[Site "?"]
[Date "2014.08.09"]
[Round "5.12"]
[White "Fekete, Martin"]
[Black "Veress, Gaspar"]
[Result "1-0"]
[WhiteElo "1842"]
[BlackElo "1857"]
[PlyCount "111"]
[EventDate "2014.08.07"]
[SourceDate "2014.08.07"]

1. e4 c6 2. Nc3 d5 3. d3 dxe4 4. dxe4 Qxd1+ 5. Nxd1 e6 6. Be3 Bd6 7. f4 Ne7 8.
Nf3 Nd7 9. Bc4 b5 10. Bb3 c5 11. c3 Bb7 12. Nf2 Ng6 13. g3 e5 14. f5 Ne7 15.
Ke2 c4 16. Bc2 f6 17. g4 g6 18. h4 gxf5 19. gxf5 h5 20. b3 Kf7 21. Rad1 Nc8 22.
bxc4 bxc4 23. Nd2 Ba6 24. Ba4 Ncb6 25. Bc6 Rad8 26. a4 Nc5 27. a5 Nba4 28. Rc1
Rc8 29. Bd5+ Ke7 30. Kf3 Nd3 31. Rc2 Nab2 32. Bxa7 Bc5 33. Rg1 Bxa7 34. Rg7+
Kd8 35. Rxa7 Ne1+ 36. Kg3 Nxc2 37. Rxa6 Nb4 38. cxb4 c3 39. Nb3 c2 40. Nc1 Rc3+
41. Kg2 Ke7 42. Re6+ Kd7 43. Rxf6 Nd1 44. Be6+ Kc7 45. Nfd3 Rd8 46. Rf7+ Kb8
47. Rd7 Rcc8 48. Rxd8 Rxd8 49. Nxe5 Ne3+ 50. Kf3 Rd1 51. Kxe3 Rxc1 52. Kd2 Rh1
53. Kxc2 Rxh4 54. f6 Kc7 55. f7 Rf4 56. Ng6 1-0

[Event "V. Art Pub Kupa"]
[Site "?"]
[Date "2014.08.09"]
[Round "5.13"]
[White "Juhasz, Bela"]
[Black "Tamasi, Zoltan"]
[Result "1-0"]
[WhiteElo "2087"]
[BlackElo "1736"]
[PlyCount "109"]
[EventDate "2014.08.07"]
[SourceDate "2014.08.07"]

1. d4 Nf6 2. c4 g6 3. Nf3 Bg7 4. g3 O-O 5. Bg2 d6 6. O-O Nbd7 7. Nc3 e5 8. e4
c6 9. h3 h6 10. Re1 Qc7 11. Be3 Re8 12. Qc2 b6 13. Rad1 Bb7 14. Kh2 Rad8 15. b4
exd4 16. Bxd4 Ne5 17. Nxe5 dxe5 18. Be3 Nd7 19. c5 Nf8 20. cxb6 axb6 21. Nd5
Qd6 22. Nxb6 Qxb4 23. Rb1 Qe7 24. Bc5 Qc7 25. Nc4 Rd7 26. Bb6 Qc8 27. Red1 Rxd1
28. Rxd1 Re7 29. Rd8 Qe6 30. h4 g5 31. hxg5 hxg5 32. Ne3 Qh6+ 33. Kg1 Rd7 34.
Nf5 Qh5 35. Rxd7 Nxd7 36. Bc7 Bf8 37. Qd2 Nf6 38. Bd8 Nh7 39. Be7 Bxe7 40.
Nxe7+ Kg7 41. Nf5+ Kg6 42. Qd6+ Nf6 43. Ne3 g4 44. Nf5 Qg5 45. Qf8 Nh5 46. Nh4+
Kh7 47. Qxf7+ Qg7 48. Qxh5+ Kg8 49. Bf1 c5 50. Bc4+ Kf8 51. Ng6+ Ke8 52. Nxe5+
Ke7 53. Qf5 Kd8 54. Nf7+ Kc7 55. Qxc5+ 1-0

[Event "V. Art Pub Kupa"]
[Site "?"]
[Date "2014.08.09"]
[Round "5.14"]
[White "Lakat, Gyula"]
[Black "Fodor, Balazs"]
[Result "0-1"]
[WhiteElo "1756"]
[BlackElo "1877"]
[PlyCount "60"]
[EventDate "2014.08.07"]
[SourceDate "2014.08.07"]

1. d4 d5 2. Nf3 Nf6 3. Bf4 e6 4. c3 c5 5. e3 a6 6. Be2 Bd6 7. O-O O-O 8. Nbd2
b6 9. Ne5 Qc7 10. Bg3 Nc6 11. f4 Ne7 12. h4 Ne4 13. Nxe4 dxe4 14. Nc4 Nf5 15.
Bf2 Bb7 16. g4 Ne7 17. Nxd6 Qxd6 18. Qd2 Rad8 19. Rad1 Qc6 20. Bg3 f6 21. Qc1
Qa4 22. a3 cxd4 23. Rxd4 Rxd4 24. cxd4 Rc8 25. Bd1 Qa5 26. Qb1 Qd2 27. Bf2 Rc1
28. Qa2 Bd5 29. Bb3 Rxf1+ 30. Kxf1 Qd3+ 0-1

[Event "V. Art Pub Kupa"]
[Site "?"]
[Date "2014.08.09"]
[Round "5.15"]
[White "Zahonyi-Abel, Mark"]
[Black "Lengyel, Andrea"]
[Result "1/2-1/2"]
[WhiteElo "1865"]
[BlackElo "1748"]
[PlyCount "87"]
[EventDate "2014.08.07"]
[SourceDate "2014.08.07"]

1. e4 c5 2. Nf3 Nc6 3. d4 cxd4 4. Nxd4 Nf6 5. Nc3 e5 6. Ndb5 d6 7. Bg5 a6 8.
Na3 b5 9. Nd5 Be7 10. Bxf6 Bxf6 11. c4 b4 12. Nc2 O-O 13. Ncxb4 Nxb4 14. Nxb4
Qb6 15. Nd5 Qxb2 16. Be2 Be6 17. O-O Bxd5 18. cxd5 Bg5 19. a4 a5 20. Rb1 Qc3
21. Rb3 Qc5 22. g3 Rab8 23. Bb5 Rfc8 24. h4 Bh6 25. Qd3 Qa7 26. Rfb1 Rf8 27.
Rc3 Rfd8 28. Rc6 g6 29. Kg2 Bf8 30. Rbc1 Qd4 31. Qf3 f6 32. R1c4 Qa7 33. Rc7
Rb7 34. Rxb7 Qxb7 35. Qxf6 Qb6 36. Qe6+ Kh8 37. Qf7 Bg7 38. Rc7 Rg8 39. Be2 Qd4
40. Rc4 Qb6 41. Rc6 Qd4 42. Rc4 Qb6 43. Rc7 Qd4 44. Rc4 1/2-1/2

[Event "V. Art Pub Kupa"]
[Site "?"]
[Date "2014.08.09"]
[Round "5.16"]
[White "Kunos, Zoltan"]
[Black "Ronai, Akos Balazs"]
[Result "1/2-1/2"]
[WhiteElo "1846"]
[BlackElo "1702"]
[PlyCount "102"]
[EventDate "2014.08.07"]
[SourceDate "2014.08.07"]

1. e4 c5 2. Nf3 e6 3. g3 Nc6 4. Bg2 Nf6 5. d3 Be7 6. O-O O-O 7. Nbd2 d5 8. exd5
exd5 9. Re1 Bg4 10. h3 Bh5 11. g4 Bg6 12. Nf1 h5 13. N3h2 Bd6 14. Bg5 Bxh2+ 15.
Nxh2 Qb6 16. Bxf6 gxf6 17. gxh5 Bh7 18. Rb1 Rad8 19. Qf3 Nd4 20. Qd1 c4 21. c3
Nb5 22. Bf1 d4 23. a4 Nc7 24. Kh1 dxc3 25. bxc3 Qxf2 26. Rxb7 Bxd3 27. Bxd3
Rxd3 28. Qg4+ Kh8 29. Rg1 Ne6 30. Rf1 Qc2 31. Rxf6 Rd1+ 32. Nf1 Qc1 33. Rb1
Rxf1+ 34. Rxf1 Qxc3 35. Rbc1 Qe5 36. Rxc4 f5 37. Qf3 Nd4 38. Qd3 Qd5+ 39. Kh2
Rd8 40. Rc3 Rg8 41. Rg1 Qa2+ 42. Kh1 Rxg1+ 43. Kxg1 Ne2+ 44. Kf1 Nxc3 45. Qxc3+
Kh7 46. Qc6 Qb1+ 47. Ke2 Qa2+ 48. Ke3 Qa3+ 49. Kf4 Qxh3 50. Qg6+ Kh8 51. Qxf5
Qh4+ 1/2-1/2

[Event "V. Art Pub Kupa"]
[Site "?"]
[Date "2014.08.09"]
[Round "5.17"]
[White "Szentgyorgyi, Sandor"]
[Black "Kovacs, Gabor Etele"]
[Result "1-0"]
[WhiteElo "1845"]
[BlackElo "1662"]
[PlyCount "69"]
[EventDate "2014.08.07"]
[SourceDate "2014.08.07"]

1. e4 e6 2. c4 d5 3. cxd5 exd5 4. exd5 Qxd5 5. Nc3 Qd8 6. d4 Nf6 7. Nf3 Be7 8.
Bc4 O-O 9. O-O Nbd7 10. Re1 Nb6 11. Bb3 Bg4 12. Bg5 Re8 13. Bxf7+ Kxf7 14. Ne5+
Kg8 15. Nxg4 Nxg4 16. Bxe7 Rxe7 17. Qxg4 Rf7 18. Re6 Qf8 19. f3 Rf4 20. Qg5
Rxd4 21. Re7 Rd7 22. Rxd7 Nxd7 23. Qd5+ Qf7 24. Qxb7 Rb8 25. Qxc7 Rxb2 26. Rd1
Qg6 27. Qc4+ Kf8 28. Qc8+ Qe8 29. Qxd7 Qe3+ 30. Kh1 Qxc3 31. Qd8+ Kf7 32. Rd7+
Kg6 33. Rd6+ Kf7 34. Qd7+ Kf8 35. Qf5+ 1-0

[Event "V. Art Pub Kupa"]
[Site "?"]
[Date "2014.08.09"]
[Round "5.20"]
[White "Berki, Zsofi Anna"]
[Black "Firnigel, Janos"]
[Result "1-0"]
[WhiteElo "1710"]
[BlackElo "1795"]
[PlyCount "91"]
[EventDate "2014.08.07"]
[SourceDate "2014.08.07"]

1. d4 Nf6 2. e3 d5 3. Bd3 Nbd7 4. f4 c5 5. c3 c4 6. Bc2 Ne4 7. Nd2 f5 8. Ngf3
Ndf6 9. Ne5 g6 10. O-O a6 11. Ndf3 e6 12. Bd2 Bg7 13. Be1 O-O 14. Bh4 Qe8 15.
Bxf6 Nxf6 16. Qe2 b5 17. b3 Bb7 18. b4 a5 19. a3 a4 20. Qf2 Ne4 21. Bxe4 fxe4
22. Ne1 Bxe5 23. dxe5 h5 24. Nc2 Bc6 25. Nd4 Bd7 26. Qg3 Kh7 27. Qh4 Qd8 28.
Qh3 Kg8 29. g4 hxg4 30. Qxg4 Kf7 31. Rf2 Rh8 32. Rg2 Qg8 33. Qg5 Qg7 34. Rf1
Rag8 35. Kf2 Rh5 36. Qxh5 gxh5 37. Rxg7+ Rxg7 38. Rg1 Rxg1 39. Kxg1 Kg6 40. Kg2
Kf7 41. Kg3 Ke7 42. Kh4 Be8 43. Kg5 Bd7 44. Kxh5 Kf7 45. Kh6 Ke7 46. Kg7 1-0

[Event "V. Art Pub Kupa"]
[Site "?"]
[Date "2014.08.09"]
[Round "5.21"]
[White "Gorog, Almos"]
[Black "Farkas, Janos"]
[Result "0-1"]
[WhiteElo "1627"]
[BlackElo "1769"]
[PlyCount "55"]
[EventDate "2014.08.07"]
[SourceDate "2014.08.07"]

1. c4 e5 2. Nc3 Nf6 3. g3 Bc5 4. Bg2 c6 5. e4 d6 6. Nge2 Ng4 7. O-O Qf6 8. Qe1
Be6 9. b3 Nd7 10. h3 Nh6 11. Bb2 a6 12. Kh2 Qg6 13. Na4 Qh5 14. d4 Ba7 15. d5
cxd5 16. cxd5 Ng4+ 17. Kh1 O-O 18. dxe6 fxe6 19. Qd2 Rxf2 20. Rxf2 Nxf2+ 21.
Kh2 Nf6 22. Bd4 exd4 23. Nxd4 e5 24. g4 N6xg4+ 25. Kg3 Bxd4 26. Re1 g5 27. Nc3
Qh4+ 28. Kf3 0-1

[Event "V. Art Pub Kupa"]
[Site "?"]
[Date "2014.08.09"]
[Round "5.22"]
[White "Schubert, Gyula"]
[Black "Ambrus, Bence"]
[Result "1-0"]
[WhiteElo "2033"]
[BlackElo "1623"]
[PlyCount "39"]
[EventDate "2014.08.07"]
[SourceDate "2014.08.07"]

1. Nf3 d5 2. d4 e6 3. e3 Nf6 4. Bd3 Be7 5. Nbd2 O-O 6. Ne5 b6 7. O-O Bb7 8. f4
c5 9. c3 Nbd7 10. Qf3 Nxe5 11. fxe5 Nd7 12. Qh3 h6 13. Nf3 a5 14. Rf2 Ba6 15.
Bc2 b5 16. g4 Bg5 17. Nxg5 Qxg5 18. e4 Qe7 19. exd5 exd5 20. g5 1-0

[Event "V. Art Pub Kupa"]
[Site "?"]
[Date "2014.08.09"]
[Round "5.23"]
[White "Mako, Zoltan"]
[Black "Pinter, Tamas"]
[Result "1-0"]
[WhiteElo "1974"]
[BlackElo "1630"]
[PlyCount "75"]
[EventDate "2014.08.07"]
[SourceDate "2014.08.07"]

1. e4 c5 2. Nf3 Nc6 3. c4 g6 4. Nc3 Bg7 5. d3 d6 6. Be2 Nf6 7. h3 Bd7 8. Be3 a6
9. Qd2 h5 10. Ng5 Nh7 11. h4 Nxg5 12. hxg5 e6 13. g4 h4 14. Rh3 Qa5 15. f4 Nd4
16. Kf2 Nb3 17. axb3 Qxa1 18. e5 dxe5 19. Bxc5 Qa5 20. b4 Qc7 21. Ne4 Bf8 22.
Nf6+ Kd8 23. Bxf8 Rxf8 24. Rxh4 exf4 25. Qc3 Kc8 26. Ne4 b6 27. c5 bxc5 28.
bxc5 Bb5 29. Bf3 Rb8 30. Nd6+ Kd7 31. Qd4 Ke7 32. Rh7 Be8 33. b4 Kd8 34. Nxf7+
Ke7 35. Nd6+ Rf7 36. Qf6+ Kd7 37. Rxf7+ Bxf7 38. Qxf7+ 1-0

[Event "V. Art Pub Kupa"]
[Site "?"]
[Date "2014.08.09"]
[Round "5.24"]
[White "Csajbok, Levente Tamas"]
[Black "Szurkos, Andras"]
[Result "1-0"]
[WhiteElo "1319"]
[BlackElo "1775"]
[PlyCount "119"]
[EventDate "2014.08.07"]
[SourceDate "2014.08.07"]

1. e4 e5 2. Nf3 Nc6 3. d4 exd4 4. Bc4 Nf6 5. O-O d6 6. Ng5 Ne5 7. Qxd4 Nxc4 8.
Qxc4 Qe7 9. Bf4 h6 10. Nf3 Be6 11. Qb5+ c6 12. Qa4 g5 13. Bxd6 b5 14. Bxe7 bxa4
15. Bxf6 Rg8 16. Nc3 a3 17. b3 Rg6 18. e5 Bb4 19. Ne2 Be7 20. Bxe7 Kxe7 21.
Ned4 Bd7 22. c4 c5 23. Nc2 Bc6 24. Nd2 g4 25. Nxa3 h5 26. g3 h4 27. Nc2 Rd8 28.
Rad1 f5 29. exf6+ Rxf6 30. Ne3 Rg6 31. Nf5+ Kf7 32. Nxh4 Rgd6 33. f3 Rxd2 34.
fxg4+ Kg8 35. Rxd2 Rxd2 36. Rf5 Rxa2 37. Rxc5 Be4 38. b4 Bd3 39. Ra5 Rb2 40.
Rxa7 Bxc4 41. Ra1 Rxb4 42. g5 Kg7 43. Ng2 Kg6 44. h4 Bb5 45. Nf4+ Kf5 46. g6
Kg4 47. Ra3 Rb1+ 48. Kf2 Rf1+ 49. Kg2 Rc1 50. g7 Rc2+ 51. Kg1 Rc8 52. h5 Bc6
53. Rc3 Rg8 54. Rxc6 Kxg3 55. Rg6+ Kxf4 56. h6 Rb8 57. g8=Q Rb1+ 58. Kh2 Rb2+
59. Rg2 Rb6 60. Qg5+ 1-0

[Event "V. Art Pub Kupa"]
[Site "?"]
[Date "2014.08.09"]
[Round "5.25"]
[White "Pasztor, Bence"]
[Black "Dibusz, Domonkos"]
[Result "1-0"]
[WhiteElo "1523"]
[BlackElo "1456"]
[PlyCount "101"]
[EventDate "2014.08.07"]
[SourceDate "2014.08.07"]

1. e4 e5 2. Nf3 Nc6 3. Bc4 Bc5 4. c3 Nf6 5. d3 d6 6. O-O h6 7. Nbd2 O-O 8. Bb3
a5 9. Re1 Bd7 10. h3 Re8 11. Nf1 b5 12. Ng3 b4 13. d4 exd4 14. cxd4 Bb6 15. Qd3
a4 16. Bc2 b3 17. axb3 Nb4 18. Qe2 Bb5 19. Qd1 Ba5 20. Bd2 Nxc2 21. Qxc2 Bxd2
22. Nxd2 axb3 23. Qxb3 Rb8 24. Qc3 Bd7 25. Rac1 Rb7 26. Nc4 Qb8 27. Na5 Rb5 28.
Nc6 Qb6 29. b4 Bxc6 30. Qxc6 Rxb4 31. e5 Qxc6 32. Rxc6 Rxd4 33. Rxc7 Rxe5 34.
Ra1 Rdd5 35. Raa7 Ra5 36. Rab7 Ne8 37. Rxf7 Rab5 38. Ra7 h5 39. f4 Rec5 40. f5
Rc1+ 41. Kf2 Rc2+ 42. Ne2 Rbb2 43. Rfe7 Kf8 44. Re3 Rb8 45. Kf3 Rc5 46. Nd4 Rd5
47. Ne6+ Kg8 48. g4 hxg4+ 49. hxg4 Rdb5 50. Nd4 Rd5 51. Nc6 1-0

[Event "V. Art Pub Kupa"]
[Site "?"]
[Date "2014.08.09"]
[Round "5.26"]
[White "Gyenes, Mate"]
[Black "Csatho, Gabor"]
[Result "1-0"]
[WhiteElo "1246"]
[BlackElo "1766"]
[PlyCount "112"]
[EventDate "2014.08.07"]
[SourceDate "2014.08.07"]

1. e4 e5 2. Nf3 Nc6 3. Bc4 Nf6 4. Ng5 d5 5. exd5 Na5 6. Bb5+ c6 7. dxc6 bxc6 8.
Be2 h6 9. Nf3 e4 10. Ne5 Bd6 11. d4 exd3 12. Nxd3 Qc7 13. h3 O-O 14. O-O c5 15.
Be3 Bb7 16. Bf3 Rad8 17. Bxb7 c4 18. Bf3 cxd3 19. cxd3 Nd7 20. Qc1 Qb8 21. Nd2
Ne5 22. Be4 Nxd3 23. Bxd3 Bh2+ 24. Kh1 Rxd3 25. Qc2 Rd7 26. g3 Bxg3 27. fxg3
Qxg3 28. Rf3 Rxd2 29. Rxg3 Rxc2 30. Bxh6 Kh7 31. Bxg7 Re8 32. Bc3 Nc4 33. Rf1
f5 34. Rxf5 Rc1+ 35. Rg1 Rxg1+ 36. Kxg1 Kg6 37. Rc5 Re4 38. b3 Na3 39. Ra5 Nb1
40. Bb2 Nd2 41. Rxa7 Nf3+ 42. Kf2 Nh4 43. Ra4 Rxa4 44. bxa4 Nf5 45. a5 Nd6 46.
a6 Nb5 47. Bd4 Nc7 48. a7 Kh5 49. Kf3 Kh4 50. Ke4 Kxh3 51. a4 Kg4 52. Ke5 Kf3
53. Kd6 Na8 54. Kc6 Ke4 55. Kb7 Kxd4 56. Kxa8 Kc5 1-0

[Event "V. Art Pub Kupa"]
[Site "?"]
[Date "2014.08.09"]
[Round "5.27"]
[White "Jurak, Miklosne"]
[Black "Kratzmajer, Akos Gyorgy"]
[Result "1/2-1/2"]
[WhiteElo "1691"]
[BlackElo "1328"]
[PlyCount "56"]
[EventDate "2014.08.07"]
[SourceDate "2014.08.07"]

1. e4 e5 2. f4 exf4 3. Nf3 h6 4. Bc4 g5 5. h4 Bg7 6. d4 d6 7. c3 Nf6 8. hxg5
Nxe4 9. Qe2 d5 10. Bd3 hxg5 11. Rxh8+ Bxh8 12. Bxe4 dxe4 13. Qxe4+ Kf8 14. b3
f5 15. Ba3+ Kg8 16. Qe2 Bf6 17. Nbd2 Bd7 18. O-O-O Qe8 19. Qc4+ Qe6 20. Qxc7
Qc6 21. Qxc6 Nxc6 22. d5 Ne5 23. Nxe5 Bxe5 24. c4 Bc3 25. Bb2 Bxd2+ 26. Kxd2
Kf7 27. Re1 Re8 28. Rxe8 Kxe8 1/2-1/2

[Event "V. Art Pub Kupa"]
[Site "?"]
[Date "2014.08.09"]
[Round "5.28"]
[White "B. Kiss, Tamas"]
[Black "Toth, Nikoletta"]
[Result "1-0"]
[WhiteElo "1439"]
[BlackElo "1193"]
[PlyCount "141"]
[EventDate "2014.08.07"]
[SourceDate "2014.08.07"]

1. d4 Nf6 2. c4 e6 3. Nc3 d5 4. Bg5 Bb4 5. a3 Bxc3+ 6. bxc3 h6 7. Bh4 Nbd7 8.
e3 c5 9. cxd5 exd5 10. dxc5 Nxc5 11. Qd4 Ne6 12. Qd2 b6 13. Bb5+ Bd7 14. Bxd7+
Qxd7 15. Bxf6 gxf6 16. Rd1 Rd8 17. Nf3 Nf8 18. Qd4 Qe6 19. Qa4+ Nd7 20. O-O Rg8
21. Rd4 Qh3 22. g3 Rg6 23. Rxd5 Qe6 24. Rfd1 a5 25. Rd6 Qg4 26. Qxg4 Rxg4 27.
Nd4 Rg6 28. Nb5 f5 29. R6d5 Ke7 30. Rxf5 Nc5 31. Rxd8 Kxd8 32. Rxf7 Nb3 33. f4
Re6 34. Kf2 Nd2 35. Rf5 Nc4 36. Rd5+ Kc8 37. Rd3 Kb7 38. h4 Re7 39. Nd6+ Nxd6
40. Rxd6 h5 41. Rd3 Ka6 42. c4 Rc7 43. Rd4 a4 44. e4 b5 45. cxb5+ Kxb5 46. Rb4+
Ka5 47. e5 Rc2+ 48. Kf3 Rc3+ 49. Kf2 Rxa3 50. Rb1 Ra2+ 51. Kf1 Ra3 52. e6 Rxg3
53. Kf2 Rg8 54. Re1 a3 55. f5 a2 56. Ra1 Rf8 57. Rxa2+ Kb6 58. Re2 Rxf5+ 59.
Kg3 Rf8 60. e7 Re8 61. Kf4 Kc7 62. Kg5 Kd7 63. Kf6 Rh8 64. Rd2+ Kc7 65. Kg7 Re8
66. Kf7 Rh8 67. e8=Q Rxe8 68. Kxe8 Kc6 69. Kf7 Kc7 70. Kg6 Kc6 71. Kxh5 1-0